000
00336nam a2200145Ia 4500
008
220216s9999 xx 000 0 und d
245
0
_a
Root disease control
260
_b
Planters Bulletin
_c
1961
300
_a
72-81
650
_a
Disease control
650
_a
Root disease
650
_a
Rubber
650
_a
Trenching
942
_c
JS
999
_c
67244
_d
67244